Understandisg terrorism: groups, strategies, and responses /

Salvato in:
Dettagli Bibliografici
Autore principale: Poland, James M.
Natura: Libro
Lingua:English
Pubblicazione: New Jersey: Pearson Education/Prentice-Hall, 2005
Edizione:2° edición
Tags: Aggiungi Tag
Nessun Tag, puoi essere il primo ad aggiungerne!!

MARC

LEADER 00000nam a22000007a 4500
003 cru CIDCACS/IIS
005 20180308085931.0
007 ta
008 180307t2005 nju|||||r|||||||| ||eng|d
999 |c 41112  |d 41112 
020 |a 0131127152 
040 |c cru CIDCACS/IIS 
090 |a 01.02.07 P762u 
100 1 |9 6753  |a Poland, James M. 
245 1 |a Understandisg terrorism:  |b groups, strategies, and responses /  |c James M. Poland 
250 |a 2° edición 
260 |a New Jersey:  |b Pearson Education/Prentice-Hall,  |c 2005 
300 |a 312 páginas:  |b tablas, gráfico, mapas, fotos 
500 |a Donado por Joanna Dreby 
942 |2 ddc  |c LI